000 01613cam a22004214i 4500
003 PE-LiUPU
005 20250731173140.0
008 150623s r 000 0 d
035 _a(Sirsi) a27363
040 _aPE-LiUPU
_bspa
_cPE-LiUPU
_erda
082 0 4 _a241
_bO37
_221
110 2 _aOgletree, Thomas W.
245 1 4 _aThe use of the Bible in christian ethics /
_cThomas W. Ogletree.
264 1 _aPhiladelphia :
_bFortress Press,
_c1983.
300 _a220 páginas ;
_c22 cm.
336 _atext
_2rdacontent
337 _aunmediated
_2rdamedia
338 _avolume
_2rdacarrier
505 0 _aThe interpretive task. Prounderstanding of the moral life. Covenant and commandment: Old Testament understandings of the moral life. Synoptic portrayals of eschatological existence. Revisioning the bases of human life: Paul's account. Toward common grunds of understanding.
526 _aSEG42
526 _aSEG41
526 _aSEG40
526 _aSEG39
526 _aP94
526 _aP87
526 _aP86
526 _aP85
526 _aP77
526 _aP76
526 _aP35
630 _aBiblia
_xCrítica, interpretación, etc.
650 0 4 _aEtica cristiana.
_91047
942 _2ddc
_cBOOK
949 _a241 O37
_wDEWEY
_c1
_i52642
_lCCODEBUL1
_mBUL
_p08.00
_r0
_sY
_tBOOK
_u2015-06-24
_xTEOLOGIA
_PP35
_0COMPRA
_o.STAFF. Colección General
596 _a1
999 _a241 O37
_wDEWEY
_c34495
_i52642
_f2021-11-10
_g5
_lCCODEBUL1
_mBUL
_p8.00
_r0
_sY
_tBOOK
_u2015-6-24
_xTEOLOGIA
_PP35
_0COMPRA
_o.STAFF. Colección General
_d34495
980 _81
_gALBERTO SANCHEZ Responsable de Automatización